| 000 | 00393cam a2200133u 4500 | ||
|---|---|---|---|
| 082 |
_a355.00941 _bHUB |
||
| 100 | 1 |
_aHubbard, G. E. _949530 |
|
| 245 | 1 | 0 | _aFrom the gulf to Ararat; |
| 260 |
_aEdinburgh and London, _bW. Blackwood and sons, _c1916. |
||
| 300 |
_axv, 273 p. _bfront., plates, ports. _c22 cm. |
||
| 526 |
_a0 _b0 _c0 _d355_009410000000000_HUB |
||
| 650 |
_aMCE _9379 |
||
| 942 |
_2ddc _cBK |
||
| 999 |
_c552308 _d552308 |
||